| 000 | 00808nam a22001937a 4500 | ||
|---|---|---|---|
| 999 |
_c18952 _d18952 |
||
| 003 | AR-CdUCM | ||
| 008 | 190516b ||||| |||| 00| 0 spa d | ||
| 040 |
_aMUNICIPALIDAD PROVINCIAL DEL CUSCO _cBIBLIOTECA MUNICIPAL DEL CUSCO |
||
| 082 |
_a512.33 / _bM77 |
||
| 100 |
_aMontesinos Amilibia, José M. _939891 |
||
| 245 | _avariedades de mosaicos / | ||
| 260 |
_aOaxtepec : _bDirección publicaciones del instituto politécnico nacional, _c1982. |
||
| 300 |
_a174 páginas ; _bIlustraciones, _c24 cm. |
||
| 505 | _aContenido: Definiciones y algunos ejemplos generales -- Ejemplos de variedades tridimensionales fibradas en el sentido de seifert. | ||
| 650 |
_aVariedades de seifert _939892 |
||
| 710 |
_aSexta escuela latinoamericana de matemática _939893 |
||
| 942 |
_2ddc _cLIBROS |
||
| 945 |
_aacv _d2019-05-16 |
||